00468 2200181 4500245006800000020001900068250001100087100001500098700001700113700002100130650001700151005001900168260003100187041001400218084001300232300003200245336000900277 aNamida Usagi b : Tears of First Love Vol. 9cAi, MinasehText a978-6022108146 aCet. 1 aAi, Minase aMustika Arum aScorvita Ferdani aKomik Jepang a20230414084031 aJakartabPT Gramediac2012 aIndonesia a741.5592 a... jil. :bilus. ;c17 cm. atext